00687nam a22002177a 450000500170000000800410001702000180005802000180007604000680009404100080016210000280017024500450019826000460024330000180028950400530030758600370036065000160039765000160041365000170042965000230044620180312144701.0130416s2011 xxu frn 001 0deng d a9780374275631 a9780374533557 aCO-BoUCMcSandra Palacio (modificó)dAldemar Mondragónbspa0 aeng1 aKahneman, Danield1934-10aThinking, fast and slowcDaniel Kahneman aNew YorkbFarrar, Straus and Girouxc2011 a499 páginas aIncluye referencias bibliográficas e índices aPremio Nobel de Economía, 200217aIntuición27aPensamiento27aRazonamiento27aToma de decisiones